000 00221nam a2200085Ia 4500
245 0 _aPresumed guilty
100 _a GERRITSEN, Tess Richmond, 2009
_982137
942 _cBK
008 210817s9999 xx 000 0 und d
999 _c295878
_d295878